000 00654nam a2200205 a 4500
001 BRCA_6243
005 20190320205401.0
008 200711s1917----mx-d######---#000-0#spa-#
041 _aspa
044 _amx
050 4 _aHG664
_b.K45 1917
245 1 0 _aSistema monetario de México
_breformas propuestas por el señor E. W. Kemmerer, profesor de la Universidad de Princeton.
260 _aMéxico
_bComisión de Reorganización Administrativa y Financiera
_c1917
300 _a96 p.
_bgráficas
_c22 cm.
500 _aK103
650 1 4 _aCuestión Monetaria
_915682
651 4 _aMéxico
_xPolítica economica
_910395
902 _aGFM
942 _2lcc
_cB
999 _c5930
_d5930